Animaux en images par lettre - G - Statistiques

Statistiques générales
  • Ce quiz a été pris 38 468 fois
    37 981 depuis la dernière actualisation
  • Le résultat moyen est 12 sur 20
Statistiques - réponses
Par images Réponse % Correct
Girafe
100%
Gorille
99%
Grenouille
99%
Guépard
97%
Guêpe
97%
Gendarme
83%
Goéland
82%
Grizzli
82%
Golden retriever
79%
Gazelle
78%
Gnou
66%
Gecko
63%
Grillon
44%
Gerbille
41%
Grue
37%
Gibbon
27%
Geai
23%
Gavial
16%
Glouton
16%
Gorfou
7%
Aucun quiz correspondant
Distribution des résultats
% des personnes avec chaque résultat
Percentile par nombre de réponses
Votre historique - résultats
Vous n’avez pas pris ce quiz depuis la dernière actualisation